Alive again

Bibliographic Details
Main Author: Ahmadi, Ahmadreza
Format: Book
Published: London : Tiny Owl Publishing Ltd , 2015
Subjects:

MARC

LEADER 00000cam a2200000 7i4500
001 0000209010
005 20170124.0
020 |a 9781910328057 
090 0 0 |a JF   |b AHM 
100 1 |a Ahmadi, Ahmadreza 
245 1 0 |a Alive again   |c Ahmadreza Ahmadi 
260 |a London :   |b Tiny Owl Publishing Ltd ,   |c 2015 
300 |a 1 v. (unpaged) :   |b ill. ;   |c 26cm. 
650 0 |a Children's stories 
999 |a 00334169   |b BUKU   |c PINJAMAN   |e PERPUSTAKAAN KOMUNITI PETALING JAYA